UM Logo

The Katipunan and the revolution: (Record no. 6768)

MARC details
000 -LEADER
fixed length control field 00651nam a22001817a 4500
008 - FIXED-LENGTH DATA ELEMENTS--GENERAL INFORMATION
fixed length control field 170427b xxu||||| |||| 00| 0 eng d
020 ## - INTERNATIONAL STANDARD BOOK NUMBER
International Standard Book Number 9715500773
082 ## - DEWEY DECIMAL CLASSIFICATION NUMBER
Edition number 1992
Classification number DFil 959.906
Item number Al8
100 ## - MAIN ENTRY--PERSONAL NAME
9 (RLIN) 20505
Personal name Alvarez, Santiago V.
245 ## - TITLE STATEMENT
Title The Katipunan and the revolution:
Remainder of title memoirs of a general with the original Tagalog text/
Statement of responsibility, etc. Santiago V. Alvarez.
260 ## - PUBLICATION, DISTRIBUTION, ETC. (IMPRINT)
Place of publication, distribution, etc. Quezon City:
Name of publisher, distributor, etc. ADMU Press,
Date of publication, distribution, etc. c1992.
300 ## - PHYSICAL DESCRIPTION
Extent x, 476 pages;
Dimensions 22 cm.
500 ## - GENERAL NOTE
General note Includes index.
650 #0 - SUBJECT ADDED ENTRY--TOPICAL TERM
9 (RLIN) 20508
Topical term or geographic name as entry element Philippines - History - Insurrection, 1896-1898.
700 ## - ADDED ENTRY--PERSONAL NAME
9 (RLIN) 20510
Personal name Malay, Paula Carolina S.
Relator term Translator
365 ## - TRADE PRICE
Price amount 407.00
Currency code Php.
942 ## - ADDED ENTRY ELEMENTS (KOHA)
Source of classification or shelving scheme Dewey Decimal Classification
Koha item type Filipiniana
Holdings
Withdrawn status Lost status Source of classification or shelving scheme Damaged status Not for loan Collection code Home library Current library Date acquired Source of acquisition Total Checkouts Full call number Barcode Date last seen Copy number Cost, replacement price Price effective from Koha item type
    Dewey Decimal Classification     Filipiniana UM Digos College - LIC UM Digos College - LIC 10/28/2003 Purchased   DFil 959.906 Al8 1992 16345 05/15/2025 1 407.00 04/27/2017 Filipiniana
    Dewey Decimal Classification     Filipiniana UM Digos College - LIC UM Digos College - LIC 07/25/2004 Purchased   DFil 959.906 Al8 1992 17447 05/15/2025 2 407.00 04/27/2017 Filipiniana